header

The origins of courtliness (Record no. 126291)

MARC details
000 -LEADER
fixed length control field 01558nam a2200409 a 4500
082 04 - DEWEY DECIMAL CLASSIFICATION NUMBER
Classification number 940.1
100 1# - MAIN ENTRY--AUTHOR NAME
Personal name Jaeger, C. Stephen.
245 14 - TITLE STATEMENT
Title The origins of courtliness
260 ## - PUBLICATION, DISTRIBUTION, ETC. (IMPRINT)
Place of publication Philadelphia :
Name of publisher University of Pennsylvania Press,
Year of publication c1985.
300 ## - PHYSICAL DESCRIPTION
Number of Pages xiv, 326 p. :
Other physical details ill.
490 1# - SERIES STATEMENT
Series statement The Middle Ages
500 ## - GENERAL NOTE
General note Second paperback printing 1991.
505 0# - FORMATTED CONTENTS NOTE
Formatted contents note pt. 1. Courts and courtiers -- pt. 2. Courtesy.
650 #0 - SUBJECT ADDED ENTRY--TOPICAL TERM
Topical Term Courts and courtiers.
Topical Term Courtly love.
Topical Term Chivalry.
Topical Term Civilization, Medieval.
856 40 - ELECTRONIC LOCATION AND ACCESS
Uniform Resource Identifier http://site.ebrary.com/lib/rucke/Doc?id=10491954

No items available.

© 2026 Rongo University
Contact us: librarian | system librarian | Rongo university